000 01241nam0a22003011 4500
001 v19\rc\1706925
005 20260405213240.0
035 _a(NLR Aleph) 005245708
090 _a5751477
_c5751477
100 _a20061002d1899 |||y0rusy50 ca
101 1 _arus
_cger
102 _aRU
105 _ay z |||c|
200 1 _aВлияние разврата на заболевания и смертность
_eСоц.-мед. очерк д-ра Гефеля
_fПер. д-ра мед. Н. Лейненберга
_gС предисл. к рус. изд. А.М. Калмыковой
205 _a2-е изд.
210 _aОдесса
_cтип. "Одесск. листка"
_d1899
215 _a24 с.
_d24
225 1 _aПротив разврата!
_vВып. 1
700 1 _8rus
_7ca
_aГефель
_3RU\NLR\AUTH\7796299
_979225
702 1 _4080
_8rus
_7ca
_aКалмыкова
_bА. М.
_f1849-1926
_gАлександра Михайловна
_3RU\NLR\AUTH\7796215
_979141
702 1 _aЛейненберг
_bН.
_4730
801 0 _aRU
_bNLR
_c20061002
_gpsbo
801 0 _aRU
_bRuMoRGB
_c20061002
_2psbo
801 1 _aRU
_bProSoft-M
_c20061002
_2rusmarc
801 2 _aRU
_bNLR
_c20110208
_2rusmarc
852 _aNLR
_j18.188.6.426
942 _cBOOK
980 _aNB